书目信息 |
| 题名: |
燃烧科学与技术
|
|
| 作者: | ;《燃烧科学与技术》编辑部 编 | |
| 分册: | 第二辑 | |
| 出版信息: | 北京 清华大学出版社 1984 |
|
| 页数: | 142页 | |
| 开本: | 26cm | |
| 丛书名: | ||
| 单 册: | ||
| 中图分类: | TK16 | |
| 科图分类: | ||
| 主题词: | 热机--燃料 , 热机--燃料--燃烧 | |
| 电子资源: | ||
| ISBN: | ||
| 000 | 00701nam0 2200229 45 | |
| 001 | 0184000740 | |
| 005 | 20060510152355.45 | |
| 010 | @dCNY1.30 | |
| 091 | @a15235.128 | |
| 100 | @a19960408d1984 em y0chiy0121 ea | |
| 101 | 0 | @achi |
| 102 | @aCN@b110000 | |
| 105 | @ay z 000yy | |
| 200 | 10 | @a燃烧科学与技术@Aran shao ke xue yu ji shu@h第二辑@f《燃烧科学与技术》编辑部编@F《ran shao ke xue yu ji shu》bian ji bu bian |
| 210 | @a北京@c清华大学出版社@d1984 | |
| 215 | @a142页@d26cm | |
| 606 | 0 | @a热机@x燃料 |
| 606 | 0 | @a热机@x燃料@x燃烧 |
| 690 | @aTK16@v4 | |
| 711 | 0 | @a《燃烧科学与技术》编辑部@A《ran shao ke xue yu ji shu》bian ji bu@4编 |
| 801 | 0 | @aCN@bNLC@c20060510 |
| 905 | @dTK16@e14:2 | |
| 燃烧科学与技术.第二辑/《燃烧科学与技术》编辑部编.-北京:清华大学出版社,1984 |
| 142页;26cm |
| ISBN :CNY1.30 |
| ● |
| 相关链接 |
|
|
|
|
正题名:燃烧科学与技术
索取号:TK16/14:2
 
预约/预借
| 序号 | 登录号 | 条形码 | 馆藏地/架位号 | 状态 | 备注 |
| 1 | 0127126 | 001367586 | 第三借阅区/ [索取号:TK16/14:2] | 在馆 | |
| 2 | 0127127 | 001367568 | 第二样本阅览室/ [索取号:TK16/14:2] | 在馆 | |
| 3 | 0127128 | 202310748 | 密集书库/ [索取号:TK16/14:2] | 在馆 |